LEADER 01563nam a2200349 a 4500 001 000000123907 003 CaOOAMICUS 005 20101209115350.0 008 101209t2010 it aef u000 u ita r 020 $a978-88-6244-049-3 (v. 1) 020 $a978-88-6244-080-6 (v. 2) 040 $aPUL$bita 082 04$a704.9 100 1 $aAntonini, Orlando.$0(OLS)http://pul/name/78142 245 10$aArchitettura religiosa aquilana /$cOrlando Antonini. 260 $aPian di Porto (Todi) :$bTau Editrice,$c©2010. 300 $a2 v. :$bill., piante ;$c24 cm +$e[1] c. di tav. 490 1 $aFedelmente 500 $aInclude indice. 504 $aBibliografia in nota. 651 4$aL'Aquila$xArchitettura sacra.$0(OLS)http://pul/subject/37376 830 0$aFedelmente.$0(OLS)http://pul/title/141327 850 $aPUL 852 $aPUL$W1$xDP2 Cons. Gen., Altre Classi 3$y97$m704. 9 ANTOL 1.1$j142776$av. 1$qDDC 21$B141715$CPULBib$Z2$F141715 $H115227 $82 852 $aPUL$W1$xDP2 Cons. Gen., Altre Classi 3$y97$m704. 9 ANTOL 1.2$j142777$av. 2$qDDC 21$B141716$CPULBib$Z2$F141716 $H115228 $82 941 1 $a9 996 $6020$a978-88-6244-049-3 (v. 1)$9(OLS)http://pul/number/146079 996 $6020$a978-88-6244-080-6 (v. 2)$9(OLS)http://pul/number/146080 996 $6082$a704.9$9(OLS)http://pul/classification/595 996 $6245$aArchitettura religiosa aquilana$9(OLS)http://pul/title/156197 996 $6260$aPian di Porto (Todi) :$bTau Editrice$9(OLS)http://pul/publisher/79947 LEADER 01219nam a2200277 a 4500 001 000000145035 003 CaOOAMICUS 005 20150717133733.0 008 150717s2009 it a u000 u ita r 020 $a978-88-514-0639-4 040 $aPUL$bita 130 0 $aBiblia.$lItaliano.$0(OLS)http://pul/title/5361 245 13$aLa Bibbia /$ca cura di Bruno Maggioni e Gregorio Vivaldelli ; nuova traduzione (2008) della Conferenza Episcopale Italiana. 260 $aMilano :$bÀncora,$c2009. 300 $a1769 p. :$bill. ;$c24 cm 630 04$aBiblia$xCritica e interpretazione.$0(OLS)http://pul/subject/2023 700 1 $aVivaldelli, Gregorio.$0(OLS)http://pul/name/49782 700 1 $aMaggioni, Bruno,$csac.,$d1932-$0(OLS)http://pul/name/24846 710 2 $aConferenza episcopale italiana.$0(OLS)http://pul/name/9850 850 $aPUL 852 $aPUL$W1$xDP1 Fondo S. Lanza$y121$m3 K 53$j167568$a1. rist. del 2010$qFondi$B168142$CPULBib$Z2$F168142 $HLan1277 $82 941 1 $a1 996 $6020$a978-88-514-0639-4$9(OLS)http://pul/number/158336 996 $6245$aLa Bibbia$9(OLS)http://pul/title/108298 996 $6260$aMilano :$bÀncora$9(OLS)http://pul/publisher/53070